Les joueurs NBA ayant joués le plus de matchs au Play-In Tournament - Statistiques

Statistiques générales
  • Ce quiz a été pris 13 fois
  • Le résultat moyen est 6 sur 24
Statistiques - réponses
Hint Matchs joués Réponse % Correct
Miami 7 Bam Adebayo
83%
Atlanta 6 Trae Young
75%
Memphis 5 Ja Morant
67%
Miami 7 Tyler Herro
67%
Chicago/Sacramento 6 Demar DeRozan
42%
Sacramento/Indiana 5 Domantas Sabonis
42%
Los Angeles Lakers/Dallas 5 Anthony Davis
33%
Memphis 5 Desmond Bane
33%
Nouvelle-Orleans/Memphis/Sacramento 9 Jonas Valanciunas
25%
Minnesota/Memphis/Miami 7 Kyle Anderson
25%
Chicago/Los Angeles Lakers/Philadelphie 7 Andre Drummond
17%
Nouvelle-Orleans 5 Brandon Ingram
17%
Chicago/Charlotte 6 Coby White
17%
Chicago/Los Angeles Lakers 5 Alex Caruso
8%
Nouvelle-Orleans/Portland 6 CJ McCollum
8%
Sacramento/Miami 5 Davion Mitchell
8%
Nouvelle-Orleans 5 Herb Jones
8%
Chicago 5 Nikola Vucevic
8%
Atlanta 5 Onyeka Okongwu
8%
Nouvelle-Orleans 5 Trey Murphy III
8%
Golden State/Miami 6 Andrew Wiggins
0%
Miami/Charlotte/Dallas 7 Caleb Martin
0%
Miami/Cleveland 6 Kevin Love
0%
Nouvelle-Orleans/Dallas 6 Naji Marshall
0%
Aucun quiz correspondant
Distribution des résultats
% des personnes avec chaque résultat
Percentile par nombre de réponses
Votre historique - résultats
Vous n’avez pas pris ce quiz